<?xml version="1.0" encoding="UTF-8"?><?xml-stylesheet type="text/xsl" href="static/style.xsl"?><OAI-PMH xmlns="http://www.openarchives.org/OAI/2.0/" xmlns:xsi="http://www.w3.org/2001/XMLSchema-instance" xsi:schemaLocation="http://www.openarchives.org/OAI/2.0/ http://www.openarchives.org/OAI/2.0/OAI-PMH.xsd"><responseDate>2026-06-03T04:49:37Z</responseDate><request verb="GetRecord" identifier="oai:riuma.uma.es:10630/11607" metadataPrefix="marc">https://riuma.uma.es/rest/oai/request</request><GetRecord><record><header><identifier>oai:riuma.uma.es:10630/11607</identifier><datestamp>2026-02-03T12:14:26Z</datestamp><setSpec>com_10630_2254</setSpec><setSpec>col_10630_37959</setSpec></header><metadata><record xmlns="http://www.loc.gov/MARC21/slim" xmlns:dcterms="http://purl.org/dc/terms/" xmlns:doc="http://www.lyncode.com/xoai" xmlns:xsi="http://www.w3.org/2001/XMLSchema-instance" xsi:schemaLocation="http://www.loc.gov/MARC21/slim http://www.loc.gov/standards/marcxml/schema/MARC21slim.xsd">
   <leader>00925njm 22002777a 4500</leader>
   <datafield ind2=" " ind1=" " tag="042">
      <subfield code="a">dc</subfield>
   </datafield>
   <datafield ind2=" " ind1=" " tag="720">
      <subfield code="a">Cano Rodríguez, Almudena</subfield>
      <subfield code="e">author</subfield>
   </datafield>
   <datafield ind2=" " ind1=" " tag="260">
      <subfield code="c">2016-06-09</subfield>
   </datafield>
   <datafield ind2=" " ind1=" " tag="520">
      <subfield code="a">En esta ponencia se ha mostrado un ejemplo de intervención mediante ejemplos prácticos del día a día del Terapeuta Ocupacional en su trabajo con las personas con discapacidad y enfermedad mental. Los puntos abordados han sido: &#xd;
1. Terapia Ocupacional y discapacidad intelectual&#xd;
2. Habilidades de comunicación.&#xd;
 - Limitaciones de las personas con discapacidad en las habilidades de&#xd;
comunicación.&#xd;
 Entrenamiento de habilidades de comunicación&#xd;
3. Habilidades sociales&#xd;
-La importancia de la comunicación en las relaciones sociales&#xd;
- Limitaciones de las personas con discapacidad en habilidades sociales&#xd;
- Entrenamiento de habilidades sociales&#xd;
- Influencia de las habilidades sociales en la Calidad de vida&#xd;
4. Role playing: Participación de los oyentes.</subfield>
   </datafield>
   <datafield ind1="8" ind2=" " tag="024">
      <subfield code="a">http://hdl.handle.net/10630/11607</subfield>
   </datafield>
   <datafield tag="653" ind2=" " ind1=" ">
      <subfield code="a">Terapeutas ocupacionales</subfield>
   </datafield>
   <datafield ind2="0" ind1="0" tag="245">
      <subfield code="a">Habilidades sociales y de comunicación en personas con discapacidad</subfield>
   </datafield>
</record>
</metadata></record></GetRecord></OAI-PMH>